Zur Kur an den Nil : die Ägyptenreise von Max und Otto Meyerhof im Winter 1900/01 /

Saved in:

Main Author: Lehnert, Isolde (Author)

Format: Book

Language: German

Published: Wiesbaden : Reichert Verlag, 2017.

Series: Menschen - Reisen - Forschungen ; 3.

Subjects:

Tags: Add Tag

No Tags, Be the first to tag this record!

Call Number: DT53 .L32 2017

LEADER 01008namaa2200277 4500
003 OSt
005 20260326082607.0
008 130303s2017 gw a b 001 0 ger d
020 |a 9783954901364 
040 |c ARCE Library 
050 4 |a DT53 .L32 2017 
100 1 |a Lehnert, Isolde,  |e author  |9 34623 
245 1 0 |a Zur Kur an den Nil :   |b die Ägyptenreise von Max und Otto Meyerhof im Winter 1900/01 /   |c von Isolde Lehnert.  |h   
264 1 |a Wiesbaden :  |b Reichert Verlag,  |c 2017. 
300 |a 277 pages :   |b many illustrations (chiefly color) ;  |c 28 cm. 
490 1 |a Menschen - Reisen - Forschungen ;   |v 3. 
504 |a Includes bibliographical references and indexes. 
600 1 0 |a Meyerhof, Max,   |d 1874-1945.  |9 35925 
600 1 0 |a Meyerhof, Otto,   |d 1884-1951. 
650 0 |a Tourism  |z Egypt  |y 20th century. 
650 0 |a Germans   |z Egypt   |x History. 
651 0 |a Nile River   |x Description and travel. 
830 0 |a Menschen - Reisen - Forschungen ;   |v 3. 
901 |a reviewed 
942 |c BK  |2 lcc 
999 |c 7460  |d 7460